Statistics for National Flags With Only Two Colours

Click here to take the quiz!

General Stats

  • This quiz has been taken 86 times
  • The average score is 32 of 38

Answer Stats

Answer% Correct
Canada
100%
Finland
94%
Greece
93%
Japan
93%
Switzerland
93%
Morocco
92%
China
90%
Israel
90%
Sweden
90%
Albania
89%
Austria
89%
Poland
89%
Turkey
87%
Georgia
86%
Indonesia
86%
Nigeria
86%
Qatar
86%
Saudi Arabia
86%
Ukraine
86%
Bangladesh
85%
Monaco
85%
Afghanistan
83%
Denmark
83%
North Macedonia
83%
Tunisia
83%
Vietnam
83%
Pakistan
80%
Latvia
77%
Kazakhstan
76%
Palau
76%
Singapore
76%
Somalia
76%
Bahrain
75%
Tonga
72%
Honduras
70%
Peru
70%
Kyrgyzstan
69%
Micronesia
68%

Score Distribution

Percentile by Number Answered

Percent of People with Each Score

Your Score History

You have not taken this quiz